000
00259nam a22000977a 4500
999
_c
10416
_d
10416
008
180216b ||||| |||| 00| 0 eng d
020
_a
9788131756546
100
_a
Kumar, A
_9
6361
245
_a
E-World Computer -VI
260
_a
New delhi
_b
Pearson Publication
_c
2011